| 000 | 00437nam a2200157 a 4500 | ||
|---|---|---|---|
| 005 | 20140414093846.0 | ||
| 008 | 091124s19uu xx 00 eng d | ||
| 050 |
_aCD 800 _bADV 2005 |
||
| 100 | _aDoyle, A. Conan | ||
| 245 |
_aTher Adventures of Sherlock Holmes / _cA. Conan Doyle. |
||
| 260 |
_bThomas Heinle, _cc2005. |
||
| 440 | _aIllustrated Classics Collection | ||
| 650 | _aSherlock Holmes. | ||
| 942 | _cAVM | ||
| 999 |
_c109566 _d109566 |
||